Acuacultura: crianza y cultivo de organismos marinos y de agua dulce
Gardado en:
| Main Authors: | , , |
|---|---|
| Formato: | Libro |
| Idioma: | Lingua castelá |
| Publicado: |
Ciudad de México
AGT
1986
|
| Subjects: | |
| Tags: |
Engadir etiqueta
Sen Etiquetas, Sexa o primeiro en etiquetar este rexistro!
|
MARC
| LEADER | 00000nam a2200000 a 4500 | ||
|---|---|---|---|
| 001 | UCV4926 | ||
| 003 | CL-VaPUC | ||
| 008 | 910110e19860000MX |||||||||||||||||spa|d | ||
| 082 | 0 | 4 | |a 639.3 |b BAR |2 21 |
| 100 | 0 | |a Bardach, John E |e author |9 299116 | |
| 700 | 0 | |a Ryther, John H |e author |9 299117 | |
| 700 | 0 | |a McLarney, William O |e author |9 299118 | |
| 245 | 1 | 0 | |a Acuacultura: crianza y cultivo de organismos marinos y de agua dulce |
| 300 | |a 741 p | ||
| 942 | |c BK | ||
| 945 | |d 19910110 00:00:00 |a mfernand | ||
| 260 | |a Ciudad de México |b AGT |c 1986 | ||
| 500 | |a Separata: Estado, de la acuacultura en México al termino de 1982 | ||
| 650 | 0 | |a Acuicultura marina |9 261222 | |
| 583 | |a last modification |c 19910110 00:00:00 |k Rodrigo Vera | ||
| 999 | |c 211552 |d 211550 | ||
| 952 | |0 0 |1 0 |4 0 |6 639_300000000000000_BAR_1986 |7 0 |8 CCM |9 191177 |a BIBCUR |b BIBCUR |d 2019-11-14 |i 2587998 |o 639.3 BAR 1986 |p 2587998 |r 2025-04-22 |w 2019-11-14 |y BK_R |k CIM | ||
| 952 | |0 0 |1 0 |4 0 |6 639_300000000000000_BAR_1986 |7 0 |8 CCM |9 191178 |a BIBCUR |b BIBCUR |d 2019-11-14 |i 2997541 |o 639.3 BAR 1986 |p 2997541 |r 2025-04-22 |w 2019-11-14 |y BK_R |k CIM | ||